02524cam a22003974i 4500003000900000005001700009008004100026035002000067040003300087100004100120245028200161264001000443300003900453336002100492337002500513338002300538502005900561504002400620520128900644526001001933526001001943526000901953526000901962526000901971526000901980526000901989526000901998526000902007526000802016526000802024526000802032526000802040526000802048650003102056700003902087PE-LiUPU20250731165423.0160118s2014 pe a grm 000 0 spa d a(Sirsi) a155782 aPE-LiUPUbspacPE-LiUPUerda1 aBailón Reyes, Alexis Joséeautor1 aFactores de riesgo y nivel de conocimientos de las enfermedades cardiovasculares en los adolescentes de tercero y cuarto año de secundaria del Colegio Particular Adventista Unión y Colegio Estatal Manuel Gonzales Prada, marzo-diciembre 2013 /cAlexis José Bailón Reyes. 0c2014. a87 hojas : bilustraciones;c30 cm atext2rdacontent aunmediated2rdamedia avolume2rdacarrier aTesisb(Lic.) -- cUniversidad Peruana Unión,d2014. aIncluye referencias3 aEl estudio fue de diseño no experimental, de tipo cuantitativo descriptivo, de enfoque transversal. Se utilizó el muestreo probabilístico estratificado, obteniendo la muestra de 283 estudiantes de ambas instituciones educativas. Los instrumentos empleados fueron 2, la primera para identificar los factores de riesgo y la segunda para identificar el nivel de conocimiento. El resultado se encontró en el colegio MGP 37.6% veces practican actividad física moderada y un 24.3% nunca práctica, en el Colegio Unión el 50% a veces y 9,2% nunca. Un 45% de los adolescentes a veces controlan su estrés, respecto a los hábitos alimenticios una vez por semana consumen comidas rápidas (42.4%, 46.2%), alimentos con preservantes (56.9%), carnes rojas (45%, 43.1%), golosinas (47.2%, 47.7%), bebidas estimulantes (39.9%, 35.4%), casi nunca limitan el consumo de grasas (62.9%, 50.8%), el 30% añade sal a sus comidas y de un 13 a 15 % de adolescentes una vez por semana consumen bebidas alcohólicas, el consumo de agua y alimentos con fuentes de proteínas es adecuado. Con respecto a IMC, PA;FC no se encontró riesgo, en un 90% es normal. En relación al nivel de conocimientos aproximadamente un 50% tiene un nivel de conocimiento medio y un 38% conocimiento bajo. aSEG44 aSEG26 aP151 aP150 aP149 aP146 aP145 aP126 aP125 aP92 aP75 aP74 aP27 aP1504aEnfermedades cardiácasx1 aQuispe Rosales, Alexis Lolaeautor